000 00493nam a2200181Ia 4500
005 20250603145535.0
008 250603s9999 xx 000 0 und d
020 _a9781032589459
050 _aSB 319.7 .P67/
100 _aEdited by Kahramanoglu, Ibrahim
245 0 _aPostharvest physiology and handling of horticultural crops
260 _aBoca Raton, FL
260 _bCRC Press
260 _c2024
300 _axxvii, 352p. :ill. ; 26cm.
650 _aBoca Raton, FL
942 _cBK
999 _c42159
_d42159